00705nam a2200265Ia 450000500170000000800460001702000180006303700100008104000080009104000080009904000080010704100080011504100080012308400080013110000320013924500480017126000230021926000090024236500050025136500080025685600530026494200100031799900210032795200910034820260324130737.0008 260324s9999 xx 000 0 eng d a9781003417491 aEBOOK aCRL beng cCRL 2eng aeng qCRL aPamela Nightingale91066510 0aTrade, Money, and Power in Medieval England bTaylor and Francis c2007 a b240 uhttp://www.taylorfrancis.com/books/9781003417491 cEBOOK c1779375d1779375 00104070aCRLbCRLd2026-03-24l0pCL2061546r2026-03-24 13:07:37w2026-03-24yEBOOK